000 00598nam a2200169 i 4500
001 167032
003 ES-MaACL
005 20230906213439.0
008 050923s1886 fr | |||||||| ||fre d
040 _aCAM
_bspa
_cCAM
100 1 _aVasili, Paul
_ccomte (
_d1858-1941)
_9133568
245 1 3 _aLa société de Saint-Pétersbourg /
_cComte Paul Vasili; éd. augm. de lettres inédites.
260 _aParis :
_bNouvelle Revue,
_c1886 (
_fTypographie Georges Chamerot)
300 _a328 p. ;
_c26 cm.
651 4 _aSan Petersburgo-
_xUsos y costumbres.
_9162184
852 _aES-MaACL
_jD-4479
_z-- Rust.
999 _c167032
_d167032